000 00655nam a22002297a 4500
005 20170124105939.0
010 _aA-550079
020 _c00.00
035 _aA-550079
037 _bCen Lib/Ret
040 _aDPL
_bEN
082 _a239.4
_2CHE
100 _aChetanananda, Swami
_910743
245 _aThey lived god :
_cby swami Chetanananda
_blife stories of some devotees of sri Ramakrishna /
260 _aCalcutta
_bAdvaita Ashrama
_c1989
270 _bCalcutta
300 _axiv,434p.
_c21cm(Hb)
500 _aIncludes index
650 _aHinduism
_910744
650 _aHindu ethics
_910745
942 _2ddc
_cEN
_h239.4
_mCHE
999 _c124429
_d124429